000 00735cab a2200229 4500
001 WB3139-45
008 090401t1995 xxu||||| |||| 00| 0 eng d
035 _a(Sirsi) u2927
041 _aeng
245 _aMinerals planning under new rules
260 _c1995
350 _a0
490 _aPlanning Week
_v3(41) 12 October 1995, 8(1)
520 _aAims to update quarrying permissions with MPG14 are a step in the right direction according to the CPRE, but can be challenged if the economic viability of the operation is challenged.
650 _aENVIRONMENT ACT 1995
650 _aMPG14
650 _aQUARRYING
690 _aMINING AND MINERALS
690 _aPLANNING LAW AND PRACTICE
942 _n0
948 _c04/03/1997
999 _c1764
_d1764